A let's go travel guide : (Record no. 22323)
[ view plain ]
| 000 -LEADER | |
|---|---|
| fixed length control field | 00611nam a2200205 a 4500 |
| 005 - DATE AND TIME OF LATEST TRANSACTION | |
| control field | 20140310183401.0 |
| 008 - FIXED-LENGTH DATA ELEMENTS--GENERAL INFORMATION | |
| fixed length control field | 121004s19uu xx 00 eng d |
| 020 ## - INTERNATIONAL STANDARD BOOK NUMBER | |
| International Standard Book Number | 9780312305741 |
| 050 ## - LIBRARY OF CONGRESS CALL NUMBER | |
| Classification number | G 153 |
| Item number | .L649f 2003 |
| 100 ## - MAIN ENTRY--PERSONAL NAME | |
| Personal name | Nelson, Annalise |
| 245 ## - TITLE STATEMENT | |
| Title | A let's go travel guide : |
| Statement of responsibility, etc | Annalise Nelson, editor ... [et al.]. |
| Remainder of title | France 2003 / |
| 260 ## - PUBLICATION, DISTRIBUTION, ETC. (IMPRINT) | |
| Place of publication, distribution, etc | New York, United States : |
| Name of publisher, distributor, etc | St. Martin's Press, |
| Date of publication, distribution, etc | 2003. |
| 300 ## - PHYSICAL DESCRIPTION | |
| Extent | 814 p. : |
| Dimensions | 23 cm. |
| 440 ## - SERIES STATEMENT/ADDED ENTRY--TITLE | |
| Title | Let's go travel guides |
| 521 ## - TARGET AUDIENCE NOTE | |
| Target audience note | |
| 651 ## - SUBJECT ADDED ENTRY--GEOGRAPHIC NAME | |
| Geographic name | France |
| General subdivision | Guidebooks |
| 700 ## - ADDED ENTRY--PERSONAL NAME | |
| Personal name | Let's Go, Inc |
| 942 ## - ADDED ENTRY ELEMENTS (KOHA) | |
| Koha item type | Books |
| Source of classification or shelving scheme | Library of Congress Classification |
| Call number prefix | Foreign |
| Withdrawn status | Lost status | Source of classification or shelving scheme | Damaged status | Home library | Current library | Shelving location | Date acquired | Cost, normal purchase price | Total Checkouts | Full call number | Barcode | Date last seen | Copy number | Price effective from | Koha item type |
|---|---|---|---|---|---|---|---|---|---|---|---|---|---|---|---|
| Library of Congress Classification | College Library | College Library | General Circulation Section | 10/04/2012 | 1955.00 | G 153 .L649f 2003 | C16247 | 05/15/2018 | 1 | 10/10/2013 | Books |